La momia de Chuquicamata. Por J. T. Medina
Сохранить в:
| Формат: | |
|---|---|
| Язык: | испанский |
| Опубликовано: |
Santiago
Imprenta y Encuadernación El Globo, San Isidro 59
1919
|
| Редактирование: | 1a. ed |
| Предметы: | |
| Метки: |
Добавить метку
Нет меток, Требуется 1-ая метка записи!
|
MARC
| LEADER | 00000nam a2200000 a 4500 | ||
|---|---|---|---|
| 001 | UCJ3806 | ||
| 003 | CL-VaPUC | ||
| 005 | 20250108094714.0 | ||
| 008 | 070124e19190000CL |||||||||||||||||spa|d | ||
| 999 | |c 319928 |d 319926 | ||
| 040 | |c Pontificia Universidad Católica de Valparaíso | ||
| 082 | 0 | 4 | |a 983 |b MED |2 21 |
| 245 | 1 | 3 | |a La momia de Chuquicamata. Por J. T. Medina |
| 250 | |a 1a. ed | ||
| 260 | |a Santiago |b Imprenta y Encuadernación El Globo, San Isidro 59 |c 1919 | ||
| 300 | |a 11 p | ||
| 500 | |a 4§- 11 págs.- Port. v. en bl.- Chiappa-Feliú Cruz, N§ 268 | ||
| 583 | |a last modification |c 20070124 00:00:00 |k Rodrigo Vera | ||
| 600 | 0 | 7 | |a PIDOT, MAURICIO |2 CL-VaPUC |9 506167 |
| 600 | 0 | 7 | |a JACKSON, EDUARDO |2 CL-VaPUC |9 506168 |
| 650 | 0 | |a Arqueología |9 265619 | |
| 650 | 0 | |a Antropología |9 233030 | |
| 650 | 0 | |a Culturas precolombinas |9 408769 | |
| 651 | 7 | |a CHUQUICAMATA |2 CL-VaPUC |9 444767 | |
| 942 | |c BK |2 ddc | ||
| 945 | |d 20070124 00:00:00 |a rinostro | ||
| 952 | |0 0 |1 0 |4 0 |6 983_000000000000000_MED_1919 |7 0 |8 X |9 398333 |a FDOBUD |b FDOBUD |d 2019-11-22 |i 1008455 |o 983 MED 1919 |p 1008455 |r 2019-11-22 |w 2019-11-22 |y BK_X |k BUD | ||